LEADER 01000nam0-2200325---450- 001 990009774900403321 005 20131016122410.0 010 $a88-14-14340-4 035 $a000977490 035 $aFED01000977490 035 $a(Aleph)000977490FED01 035 $a000977490 100 $a20131016d----2008km-y0itay50------ba 101 0 $aita 102 $aIT 105 $ay-------001yy 200 1 $a<>circolazione della prova nei processi civili$fMaria Cristina Vanz 210 $aMilano$cGiuffrè$d2008 215 $aXII, 343 p.$d24 cm 225 1 $aUniversità degli studi di Milano. Bicocca. Facoltà di Giurisprudenza 610 0 $aProcesso civile$aProva$aDiritto processuale civile 676 $a347.4506$v21.$zita 700 1$aVanz,$bMaria Cristina$0407857 801 0$aIT$bUNINA$gRICA$2UNIMARC 901 $aBK 912 $a990009774900403321 952 $aCC-257$b15916$fDDRC 959 $aDDRC 996 $aCircolazione della prova nei processi civili$9832251 997 $aUNINA LEADER 02834 am 2200421 n 450 001 9910495818803321 005 20240104030446.0 010 $a2-7535-6265-2 024 7 $a10.4000/books.pur.70938 035 $a(CKB)4100000008496703 035 $a(FrMaCLE)OB-pur-70938 035 $a(PPN)236940406 035 $a(EXLCZ)994100000008496703 100 $a20190619j|||||||| ||| 0 101 0 $afre 135 $auu||||||m|||| 200 00$aGouverner les pauvres$ePolitiques sociales et administration du mérite$fÉlisa Chelle 210 $aRennes$cPresses universitaires de Rennes$d2018 215 $a1 online resource (290 p.) 311 $a2-7535-2117-4 330 $aEt si l'aide sociale cessait d'être un droit ? Jamais sans doute la question n'aura paru autant d'actualité. Il est vrai que le pauvre méritant fait son grand retour sur la scène des politiques sociales. Lutter contre la pauvreté : l'objectif est toujours de mise mais il s'ordonne dorénavant à un sens commun qui fait du mérite le maître-mot. Et de l'expérimentation un moyen de concilier impartialité et justice. Sur la base d'une enquête minutieuse menée en France (le Revenu de solidarité active) et aux États-Unis (Opportunity NYC), l'ouvrage d'Élisa Chelle nous fait découvrir cette forme nouvelle de gouvernement des pauvres. Le paradigme qui est au c?ur de ce tournant du réformisme social ? Celui de la conditionnalité comportementale, un schéma de pilotage qui, tout en assurant se démarquer d'une logique simplement économique, fait de la récompense monétaire le levier de la motivation. Et de la motivation le gage d'un comportement prédéfini. Renouveler les termes de la relation entre populations pauvres et pouvoir politique, voilà tout le sens de cette technique de gouvernement s'inspirant des théories du « nudge », c'est-à-dire d'une forme paradoxale d'autonomie institutionnalisée où les « bons comportements » tiennent lieu d'échappatoire à la pauvreté. L'aide sociale devient alors un gouvernement moral justifié par la science. Elle s'adosse à une éthique du travail et à la « bonne volonté » des pauvres par la vertu d'une mise en scène dont cette recherche, conduite de part et d'autre de l'Atlantique, analyse les enjeux, avec finesse et réalisme. 606 $aPolitical Science 606 $apolitique sociale 606 $aaide sociale 606 $apauvreté 606 $aexclusion sociale 615 4$aPolitical Science 615 4$apolitique sociale 615 4$aaide sociale 615 4$apauvreté 615 4$aexclusion sociale 700 $aChelle$b Élisa$01459394 701 $aCommaille$b Jacques$0780479 801 0$bFR-FrMaCLE 906 $aBOOK 912 $a9910495818803321 996 $aGouverner les pauvres$93658696 997 $aUNINA LEADER 03456nam 2200613 450 001 9910819523403321 005 20230624092157.0 010 $a3-8467-6479-5 024 7 $a10.30965/9783846764794 035 $a(CKB)4100000010136551 035 $z(OCoLC)1129114427 035 $a(nllekb)BRILL9783846764794 035 $a(MiAaPQ)EBC6513818 035 $a(Au-PeEL)EBL6513818 035 $a(OCoLC)1243536416 035 $a(Brill | Fink)9783846764794 035 $a(EXLCZ)994100000010136551 100 $a20230624d2019 uy 0 101 0 $ager 135 $aurun| uuuua 181 $ctxt$2rdacontent 182 $cc$2rdamedia 183 $2rdacarrier 200 10$aFormen der evidenz $epopula?re wissenschaftsprosa zwischen Liebig und Haeckel /$fChristian Meierhofer 205 $a1st ed. 210 1$aPaderborn, Deutschland :$cWilhelm Fink Verlag,$d[2019] 210 4$d©2019 215 $a1 online resource 311 $a3-7705-6479-0 320 $aIncludes bibliographical references (pages [513]-602) and index. 327 $aFront Matter -- Copyright page -- Hinweise zur Textgestaltung -- Dank -- Popularita?t und Modernita?t der Wissenschaftskommunikation -- Befreiungen -- Zuspitzungen -- Rhythmisierungen -- Summierungen -- U?berwindungen -- Wissenschafts- und begriffskritische Ausga?nge -- Back Matter -- Literaturverzeichnis -- Siglenverzeichnis -- Abbildungsverzeichnis -- Personenregister. 330 $aDie Studie untersucht das Spektrum popula?rwissenschaftlicher Darstellungsformen in der zweiten Ha?lfte des 19. Jahrhunderts und unternimmt erstmals den Versuch einer Systematisierung des Textfeldes zwischen Justus von Liebig und Ernst Haeckel.Die popula?re Wissenschaftsprosa wird u?ber ihre textuellen Verfahren, ihre gattungs- und medienspezifischen Darbietungsanspru?che erschlossen. Leitend ist dabei die These, dass Popularita?t als eigensta?ndiges Textmerkmal zu verstehen ist und maßgeblich vom rhetorischen Konzept der Evidenz und von Techniken der Veranschaulichung, des Sichtbarmachens und Vor-Augen-Stellens abha?ngt. Die Arbeit untersucht unter anderem popula?re Briefe, Zeitschriften, Lexika, Hand- und Lehrbu?cher ebenso wie weltanschauliche Streitschriften. An all diesen Quellen la?sst sich zeigen, wie sich die Entstehung und Professionalisierung und die Verbreitung und Popularisierung moderner Wissenschaftsdisziplinen wechselseitig bedingen. 606 $aScience in popular culture$zGermany$xHistory$y19th century 606 $aScientific literature$zGermany$y19th century$xHistory and criticism 606 $aScience news$xSocial aspects$zGermany$xHistory$y19th century 606 $aTechnical writing$xSocial aspects$zGermany$xHistory$y19th century 606 $aLiterature and science$zGermany$xHistory$y19th century 607 $aGermany$2fast 608 $aCriticism, interpretation, etc.$2fast 608 $aHistory.$2fast 615 0$aScience in popular culture$xHistory 615 0$aScientific literature$xHistory and criticism. 615 0$aScience news$xSocial aspects$xHistory 615 0$aTechnical writing$xSocial aspects$xHistory 615 0$aLiterature and science$xHistory 676 $a830.945 700 $aMeierhofer$b Christian$01713084 801 0$bMiAaPQ 801 1$bMiAaPQ 801 2$bMiAaPQ 906 $aBOOK 912 $a9910819523403321 996 $aFormen der evidenz$94105773 997 $aUNINA